<?xml version="1.0" encoding="UTF-8"?>
<record
    xmlns:xsi="http://www.w3.org/2001/XMLSchema-instance"
    xsi:schemaLocation="http://www.loc.gov/MARC21/slim http://www.loc.gov/standards/marcxml/schema/MARC21slim.xsd"
    xmlns="http://www.loc.gov/MARC21/slim">

  <leader>03258nam a22002537a 4500</leader>
  <controlfield tag="005">20250526143307.0</controlfield>
  <controlfield tag="008">250524b        |||||||| |||| 00| 0 eng d</controlfield>
  <datafield tag="020" ind1=" " ind2=" ">
    <subfield code="a">9789391820954</subfield>
  </datafield>
  <datafield tag="040" ind1=" " ind2=" ">
    <subfield code="c">AIMIT LIBRARY</subfield>
  </datafield>
  <datafield tag="082" ind1=" " ind2=" ">
    <subfield code="2">8</subfield>
    <subfield code="a">658.4012</subfield>
    <subfield code="b">PRAL</subfield>
  </datafield>
  <datafield tag="100" ind1=" " ind2=" ">
    <subfield code="a">Prasad, L.M.</subfield>
    <subfield code="9">210881</subfield>
  </datafield>
  <datafield tag="245" ind1=" " ind2=" ">
    <subfield code="a">Strategic management /</subfield>
    <subfield code="c">By L.M.  Prasad.</subfield>
  </datafield>
  <datafield tag="250" ind1=" " ind2=" ">
    <subfield code="a">8th ed.</subfield>
  </datafield>
  <datafield tag="260" ind1=" " ind2=" ">
    <subfield code="a">New Delhi :</subfield>
    <subfield code="b">Sultan Chand and Sons,</subfield>
    <subfield code="c">2024.</subfield>
  </datafield>
  <datafield tag="300" ind1=" " ind2=" ">
    <subfield code="a">xxi,556p.;</subfield>
    <subfield code="b">PB</subfield>
    <subfield code="c">25.2 cm.</subfield>
  </datafield>
  <datafield tag="500" ind1=" " ind2=" ">
    <subfield code="a">The current edition of the book reflects a comprehensive revision and restructuring. Each chapter has been rewritten to not only integrate the latest advancements in Strategic Management but also to enhance the clarity and conciseness of the subject matter. Consequently, this edition represents a significant improvement, both in terms of content and presentation.

Salient Features
New Topics added &#x201C;Corporate Social Responsibility and Business Ethics&#x201D;, &#x201C;Corporate Governance&#x201D; and &#x201C;Role of Artificial Intelligence in Strategic Management&#x201D;
Includes new and updated case studies based on latest trends in corporate sector
Most comprehensive and authentic coverage of subject-matter with latest development.
Subject-matter presented in simple and lucid style with Figures, Tables, and Exhibits.
Proper blend of theory and practice.
An opening illustration of Strategic Management practice of a prominent company in each chapter to enable readers to relate Strategic Management concepts with Strategic Management practices easily.
Multiple choice questions, short answer questions, discussion/application questions, and practical exercise at the end of each chapter to test the assimilation of subject-matter.
Case at the end of each chapter for class-room discussion to sharpen diagnostic and analytical skills of the readers.
Comprehensive cases involving more than one issue of Strategic Management at the end.
Guidelines for learning through cases at the end of the book to enable the readers to make full use of learning through cases.
Glossary at the end of the book for bird's eye view.
Thus, the present edition is ideally suited to MBA/PGDM and other relevant courses.</subfield>
  </datafield>
  <datafield tag="505" ind1=" " ind2=" ">
    <subfield code="a">Part I &#x2013; Conceptual Framework of Strategic Management
Introduction to Strategic Management
Strategic Management Process

Part II &#x2013; Strategic Intent and Strategy Formulation
Strategic Intent
Environmental Analysis
Organizational Analysis
Corporate Strategies: Stability, Expansion, Retrenchment
Corporate Strategies: Internationalization and Digitalization
Business Strategies
Choice of Strategy

Part  III &#x2013; Strategy Implementation
Activating Strategy
Structural Implementation
Behavioural Implementation
Functional Implementation

Part IV &#x2013; Strategic Control
Strategic Control
Corporate Social Responsibility and Business Ethics
Corporate Governance
The Role of Artificial Intelligencein Strategic Management</subfield>
  </datafield>
  <datafield tag="650" ind1=" " ind2=" ">
    <subfield code="a">Strategic management process</subfield>
    <subfield code="9">210882</subfield>
  </datafield>
  <datafield tag="650" ind1=" " ind2=" ">
    <subfield code="a">Strategic internet and strategy formulationenvironmental analysis</subfield>
    <subfield code="9">210883</subfield>
  </datafield>
  <datafield tag="650" ind1=" " ind2=" ">
    <subfield code="a">Environmental analysis</subfield>
    <subfield code="9">210884</subfield>
  </datafield>
  <datafield tag="650" ind1=" " ind2=" ">
    <subfield code="a">Strategy implementation</subfield>
    <subfield code="9">210885</subfield>
  </datafield>
  <datafield tag="650" ind1=" " ind2=" ">
    <subfield code="a">Structural implementation</subfield>
    <subfield code="9">210886</subfield>
  </datafield>
  <datafield tag="942" ind1=" " ind2=" ">
    <subfield code="2">ddc</subfield>
    <subfield code="c">BK</subfield>
    <subfield code="e">8th</subfield>
    <subfield code="k">658.4012 PRAL</subfield>
  </datafield>
  <datafield tag="999" ind1=" " ind2=" ">
    <subfield code="c">234317</subfield>
    <subfield code="d">234317</subfield>
  </datafield>
  <datafield tag="952" ind1=" " ind2=" ">
    <subfield code="0">0</subfield>
    <subfield code="1">0</subfield>
    <subfield code="2">ddc</subfield>
    <subfield code="4">0</subfield>
    <subfield code="7">0</subfield>
    <subfield code="8">MBA</subfield>
    <subfield code="a">AIMIT</subfield>
    <subfield code="b">AIMIT</subfield>
    <subfield code="d">2025-03-20</subfield>
    <subfield code="e">Donated</subfield>
    <subfield code="l">0</subfield>
    <subfield code="o">658.4012 PRAL</subfield>
    <subfield code="p">MBA15183</subfield>
    <subfield code="r">2026-05-23 00:00:00</subfield>
    <subfield code="w">2025-05-24</subfield>
    <subfield code="y">BK</subfield>
  </datafield>
  <datafield tag="952" ind1=" " ind2=" ">
    <subfield code="0">0</subfield>
    <subfield code="1">0</subfield>
    <subfield code="2">ddc</subfield>
    <subfield code="4">0</subfield>
    <subfield code="7">0</subfield>
    <subfield code="8">MBA</subfield>
    <subfield code="a">AIMIT</subfield>
    <subfield code="b">AIMIT</subfield>
    <subfield code="d">2025-03-20</subfield>
    <subfield code="e">Donated</subfield>
    <subfield code="l">0</subfield>
    <subfield code="o">658.4012 PRAL</subfield>
    <subfield code="p">MBA15184</subfield>
    <subfield code="r">2026-05-23 00:00:00</subfield>
    <subfield code="w">2025-05-24</subfield>
    <subfield code="y">BK</subfield>
  </datafield>
</record>
